000 00298nam a2200121Ia 4500
008 190216s9999||||xx |||||||||||||| ||und||
100 _aCalicut University
245 0 _aSahithya Saurabam
260 _bCalicut University Central Co-Operative
300 _a120
650 _aKavithkal
942 _cBK
999 _c27650
_d27650